Current NHL teams that have won the Stanley Cup - Statistics

General Stats
  • This quiz has been taken 209 times
  • The average score is 17 of 19
Answer Stats
Times (years) Team % Correct
23 (1924, 1930-1931, 1944, 1946, 1953, 1956-1960, 1965-1966, 1968-1969, 1971, 1973, 1976-1979, 1986, 1993) Montreal Canadiens
99%
11 (1936-1937, 1943, 1950, 1952, 1954-1955, 1997-1998, 2002, 2008) Detroit Red Wings
97%
6 (1934, 1938, 1961, 2010, 2013, 2015) Chicago Blackhawks
95%
4 (1928, 1933, 1940, 1994) New York Rangers
95%
13 (1918, 1922, 1932, 1942, 1945, 1947-1949, 1951, 1962-1964, 1967) Toronto Maple Leafs
95%
2 (2012, 2014) Los Angeles Kings
94%
4 (1980-1983) New York Islanders
94%
2 (1996, 2001) Colorado Avalanche
93%
5 (1984-1985, 1987-1988, 1990) Edmonton Oilers
93%
4 (1991-1992, 2009, 2016) Pittsburgh Penguins
93%
1 (1999) Dallas Stars
92%
1 (2004) Tampa Bay Lightning
91%
3 (1995, 2000, 2003) New Jersey Devils
90%
2 (1974-1975) Philadelphia Flyers
89%
1 (2007) Anaheim Ducks
88%
1 (1989) Calgary Flames
87%
1 (2006) Carolina Hurricanes
86%
6 (1929, 1939, 1941, 1970, 1972, 2011) Boston Bruins
82%
4 (1920-1921, 1923, 1927) Ottawa Senators
77%
No matching quizzes found
Score Distribution
Percent of People with Each Score
Percentile by Number Answered
Your Score History
You have not taken this quiz